[Event "25. Torneo San Viator 2015"]
[Site "Madrid ESP"]
[Date "2015.10.04"]
[Round "1.1"]
[White "Renteria, Jorge"]
[Black "Clavero Alarcon, Jose Miguel"]
[Result "1-0"]
[WhiteElo "2244"]
[BlackElo "1873"]
[PlyCount "29"]
[EventDate "2015.10.04"]
[EventType "swiss"]
[EventRounds "9"]
[EventCountry "ESP"]
[Source "lmi"]
[SourceDate "2015.10.04"]

1. e4 e6 2. d4 d5 3. Nd2 c5 4. dxc5 Nc6 5. exd5 exd5 6. Nb3 Nf6 7. c3 Ne4 8.
Be3 Be7 9. Bd3 O-O 10. Nf3 Bg4 11. O-O Ne5 12. Bxe4 dxe4 13. Qxd8 Nxf3+ 14.
gxf3 Raxd8 15. fxg4 1-0

[Event "25. Torneo San Viator 2015"]
[Site "Madrid ESP"]
[Date "2015.10.04"]
[Round "1.3"]
[White "Vallejo Nuno, Jorge"]
[Black "Garcia Sanjuan, Jose"]
[Result "1-0"]
[WhiteElo "2087"]
[BlackElo "1850"]
[PlyCount "65"]
[EventDate "2015.10.04"]
[EventType "swiss"]
[EventRounds "9"]
[EventCountry "ESP"]
[Source "lmi"]
[SourceDate "2015.10.04"]

1. e4 b6 2. d4 Bb7 3. Nc3 e6 4. Nge2 Nf6 5. e5 Nd5 6. Nxd5 Bxd5 7. Nc3 Bb7 8.
Be3 Nc6 9. Qd2 a6 10. Be2 Ne7 11. O-O Nf5 12. Rad1 Bb4 13. a3 Bxc3 14. Qxc3 g5
15. Bd3 Nh4 16. f3 h6 17. Be4 c6 18. Qb3 b5 19. c4 Nf5 20. Bf2 Rb8 21. Qc2 Ne7
22. b3 Rg8 23. Be3 Ng6 24. f4 gxf4 25. Bxf4 Nxf4 26. Rxf4 Qg5 27. Rdf1 bxc4 28.
bxc4 c5 29. Qb2 cxd4 30. Bxb7 Qxe5 31. Rxf7 Qg5 32. Qb4 d6 33. Bc6+ 1-0

[Event "25. Torneo San Viator 2015"]
[Site "Madrid ESP"]
[Date "2015.10.04"]
[Round "1.4"]
[White "Jimenez Gonzalez, Marcos"]
[Black "Unciti Juan, Javier"]
[Result "0-1"]
[WhiteElo "1849"]
[BlackElo "2050"]
[PlyCount "70"]
[EventDate "2015.10.04"]
[EventType "swiss"]
[EventRounds "9"]
[EventCountry "ESP"]
[Source "lmi"]
[SourceDate "2015.10.04"]

1. c4 e5 2. g3 d5 3. cxd5 Qxd5 4. Nf3 Bd6 5. Nc3 Qe6 6. Bg2 h6 7. O-O Nf6 8. d4
e4 9. Ne1 O-O 10. Nc2 c6 11. Ne3 Na6 12. a3 Nc7 13. Rb1 Ncd5 14. Nexd5 cxd5 15.
h3 Qf5 16. Be3 Qh5 17. h4 g5 18. Qd2 gxh4 19. Bxh6 h3 20. Qg5+ Qxg5 21. Bxg5
hxg2 22. Kxg2 Be7 23. Rh1 Be6 24. Bf4 Nd7 25. Rh2 Bf6 26. e3 Rfc8 27. Nb5 Rc2
28. Nc3 Rc8 29. Na4 Bg4 30. Rh6 Bf3+ 31. Kh3 Rxf2 32. Nc5 Nxc5 33. Rxf6 Nd3 34.
Rg1 Kg7 35. Rd6 Rh8+ 0-1

[Event "25. Torneo San Viator 2015"]
[Site "Madrid ESP"]
[Date "2015.10.04"]
[Round "1.5"]
[White "Cabanas Bravo, Juan Andres"]
[Black "Rodriguez Bittar, Karim Javier"]
[Result "1-0"]
[WhiteElo "2042"]
[BlackElo "1835"]
[PlyCount "69"]
[EventDate "2015.10.04"]
[EventType "swiss"]
[EventRounds "9"]
[EventCountry "ESP"]
[Source "lmi"]
[SourceDate "2015.10.04"]

1. e4 d5 2. exd5 Qxd5 3. Nc3 Qd8 4. d4 Nf6 5. Bc4 e6 6. Bg5 Be7 7. Qd2 Nbd7 8.
Nf3 c6 9. O-O O-O 10. Rad1 h6 11. Bh4 Nb6 12. Bb3 Nbd5 13. Ne2 Ne4 14. Qd3 Ng5
15. Nd2 b6 16. c4 Nb4 17. Qg3 Nh7 18. Bxe7 Qxe7 19. a3 Na6 20. Rfe1 Bb7 21. Nc3
Qc7 22. Qh3 c5 23. d5 Ng5 24. Qh5 Qf4 25. Re3 Nc7 26. Rg3 exd5 27. cxd5 Rae8
28. Nf1 g6 29. Qg4 Qxg4 30. Rxg4 Kg7 31. h4 f5 32. Ra4 Nf7 33. d6 Ne6 34. Rxa7
Bc6 35. d7 1-0

[Event "25. Torneo San Viator 2015"]
[Site "Madrid ESP"]
[Date "2015.10.04"]
[Round "1.6"]
[White "Barahona Torrijos, Angel"]
[Black "Lopez De Turiso, Jose Angel"]
[Result "0-1"]
[WhiteElo "1812"]
[BlackElo "2014"]
[PlyCount "52"]
[EventDate "2015.10.04"]
[EventType "swiss"]
[EventRounds "9"]
[EventCountry "ESP"]
[Source "lmi"]
[SourceDate "2015.10.04"]

1. e4 e6 2. d4 d5 3. Nc3 dxe4 4. Nxe4 Nd7 5. Nf3 Ngf6 6. Bd3 Nxe4 7. Bxe4 Nf6
8. Bd3 Bd6 9. O-O O-O 10. Ne5 c5 11. Be3 Qc7 12. Ng4 Nxg4 13. Qxg4 Bxh2+ 14.
Kh1 f5 15. Qh3 cxd4 16. Bxd4 Be5 17. Bxe5 Qxe5 18. c3 Rf6 19. Qg3 Rh6+ 20. Kg1
f4 21. Qf3 Qg5 22. Rfe1 Qh4 23. Kf1 e5 24. Bc4+ Kh8 25. Rxe5 Bg4 26. g3 Qh1+
0-1

[Event "25. Torneo San Viator 2015"]
[Site "Madrid ESP"]
[Date "2015.10.04"]
[Round "1.7"]
[White "Luque Ibanez, Manuel"]
[Black "Del Noval Nemeshazi, Nesztor"]
[Result "1-0"]
[WhiteElo "2008"]
[BlackElo "1810"]
[PlyCount "35"]
[EventDate "2015.10.04"]
[EventType "swiss"]
[EventRounds "9"]
[EventCountry "ESP"]
[Source "lmi"]
[SourceDate "2015.10.04"]

1. e4 c5 2. c3 Nf6 3. e5 Nd5 4. d4 cxd4 5. Nf3 e6 6. cxd4 d6 7. Bc4 Nc6 8. O-O
Be7 9. Qe2 O-O 10. Nc3 Nxc3 11. bxc3 dxe5 12. dxe5 Qc7 13. Bd3 Rd8 14. Re1 Bd7
15. Ng5 h6 16. Qe4 Bxg5 17. Qh7+ Kf8 18. Ba3+ 1-0

[Event "25. Torneo San Viator 2015"]
[Site "Madrid ESP"]
[Date "2015.10.04"]
[Round "1.8"]
[White "Guillo Longares, Cecilia"]
[Black "Lobato Rivero, Carlos"]
[Result "1/2-1/2"]
[WhiteElo "1809"]
[BlackElo "1992"]
[PlyCount "88"]
[EventDate "2015.10.04"]
[EventType "swiss"]
[EventRounds "9"]
[EventCountry "ESP"]
[Source "lmi"]
[SourceDate "2015.10.04"]

1. d4 Nf6 2. c4 e5 3. dxe5 Ng4 4. Nf3 Bc5 5. e3 Nc6 6. Nd4 Ngxe5 7. Be2 O-O 8.
O-O a5 9. Nc3 d6 10. b3 f5 11. Bb2 f4 12. exf4 Bxd4 13. fxe5 Bxe5 14. Bd3 Qh4
15. g3 Qh3 16. Be4 Bg4 17. Qd5+ Be6 18. Qd1 Qh6 19. Bg2 Kh8 20. Na4 Bh3 21. f4
Bxb2 22. Nxb2 Bxg2 23. Kxg2 Rae8 24. Qd2 Re6 25. Rae1 Rfe8 26. Nd3 Qh5 27. Rxe6
Rxe6 28. Re1 Qe8 29. Rxe6 Qxe6 30. Qe1 Qxe1 31. Nxe1 a4 32. Nd3 axb3 33. axb3
Na5 34. Nc1 Kg8 35. Kf3 Kf7 36. g4 Ke6 37. Ke4 g6 38. h3 h5 39. gxh5 gxh5 40.
h4 Kf6 41. f5 Ke7 42. Kf4 Kf6 43. Ke4 Ke7 44. Kf4 Kf6 1/2-1/2

[Event "25. Torneo San Viator 2015"]
[Site "Madrid ESP"]
[Date "2015.10.04"]
[Round "1.9"]
[White "Aguilera Lopez, Alejandro"]
[Black "Escribano Serrano, Pedro"]
[Result "1-0"]
[WhiteElo "1987"]
[BlackElo "1802"]
[PlyCount "61"]
[EventDate "2015.10.04"]
[EventType "swiss"]
[EventRounds "9"]
[EventCountry "ESP"]
[Source "lmi"]
[SourceDate "2015.10.04"]

1. d4 Nf6 2. Nf3 e6 3. e3 b6 4. Bd3 Bb7 5. O-O Be7 6. Nbd2 O-O 7. b3 c5 8. Bb2
Nc6 9. c4 Nb4 10. Bb1 d5 11. Ne5 Nc6 12. f4 dxc4 13. Ndxc4 b5 14. Nxc6 Bxc6 15.
Ne5 Bb7 16. f5 exf5 17. Bxf5 a6 18. Qe2 Be4 19. Bxe4 Nxe4 20. Rad1 Qc7 21. Qf3
Nf6 22. d5 Bd6 23. Ng4 Nxg4 24. Qxg4 Bxh2+ 25. Kh1 Be5 26. d6 Qd8 27. Bxe5 f6
28. Bh2 Rc8 29. Qe6+ Kh8 30. d7 Ra8 31. Bd6 1-0

[Event "25. Torneo San Viator 2015"]
[Site "Madrid ESP"]
[Date "2015.10.04"]
[Round "1.10"]
[White "Sanchez Gomez, Emiliano"]
[Black "Vazquez Gonzalez, Jesus"]
[Result "1/2-1/2"]
[WhiteElo "1801"]
[BlackElo "1978"]
[PlyCount "120"]
[EventDate "2015.10.04"]
[EventType "swiss"]
[EventRounds "9"]
[EventCountry "ESP"]
[Source "lmi"]
[SourceDate "2015.10.04"]

1. e4 g6 2. d4 Bg7 3. Nf3 c5 4. Nc3 Qa5 5. Be2 Nf6 6. O-O cxd4 7. Nxd4 Nc6 8.
Nb3 Qd8 9. Be3 O-O 10. Qd2 d6 11. h3 a6 12. Rad1 b5 13. Bd3 Bb7 14. a4 b4 15.
Ne2 a5 16. f4 Qd7 17. Ng3 Rfc8 18. Bb5 Qc7 19. Qf2 Nd8 20. Bd3 Nc6 21. Bb6 Qb8
22. Rde1 Nd7 23. Rb1 Ba6 24. Be3 e6 25. Kh1 Rf8 26. Rfd1 Rd8 27. Ne2 Qc7 28.
Ned4 Bxd3 29. cxd3 Nxd4 30. Nxd4 Nc5 31. b3 Rac8 32. Nb5 Qe7 33. Qe2 e5 34. f5
d5 35. Bxc5 Rxc5 36. Rdc1 Rdc8 37. Qd2 gxf5 38. exd5 e4 39. Rc4 e3 40. Qe2 Rxc4
41. dxc4 Qe4 42. Rd1 Be5 43. d6 Rd8 44. c5 Kf8 45. Qc4 Qxc4 46. bxc4 b3 47. c6
Rxd6 48. Nxd6 Bxd6 49. Kg1 e2 50. Rb1 Bc5+ 51. Kh1 Bb6 52. g3 b2 53. Kg2 Ke7
54. Kf3 Kd6 55. Kxe2 Bd4 56. Kd3 Be5 57. g4 fxg4 58. hxg4 Kxc6 59. Ke4 Bc3 60.
Kd3 Bf6 1/2-1/2

[Event "25. Torneo San Viator 2015"]
[Site "Madrid ESP"]
[Date "2015.10.04"]
[Round "1.11"]
[White "Gil Sierra, Jacinto"]
[Black "Campos Tores, Jose Luis"]
[Result "1-0"]
[WhiteElo "1965"]
[BlackElo "1788"]
[PlyCount "59"]
[EventDate "2015.10.04"]
[EventType "swiss"]
[EventRounds "9"]
[EventCountry "ESP"]
[Source "lmi"]
[SourceDate "2015.10.04"]

1. e4 c5 2. Nf3 g6 3. d4 cxd4 4. Nxd4 Bg7 5. Nc3 Nc6 6. Be3 Nf6 7. Be2 O-O 8.
Qd2 d5 9. exd5 Nb4 10. d6 Qxd6 11. Ncb5 Qc5 12. c3 Nbd5 13. Ne6 Qc6 14. Nxf8
Bxf8 15. O-O e5 16. Rad1 Be6 17. c4 Nb4 18. b3 Ne4 19. Qb2 f6 20. Bf3 Na6 21.
Nc3 f5 22. Nd5 Bxd5 23. Rxd5 Nb4 24. Bxe4 fxe4 25. Qxe5 Re8 26. Qd4 Bg7 27. Qc5
Qxc5 28. Rxc5 Re7 29. Rc8+ Kf7 30. Bc5 1-0

[Event "25. Torneo San Viator 2015"]
[Site "Madrid ESP"]
[Date "2015.10.04"]
[Round "1.12"]
[White "Perez Sempere, Alberto"]
[Black "Bustos Bernardo, Samuel"]
[Result "0-1"]
[WhiteElo "1774"]
[BlackElo "1964"]
[PlyCount "76"]
[EventDate "2015.10.04"]
[EventType "swiss"]
[EventRounds "9"]
[EventCountry "ESP"]
[Source "lmi"]
[SourceDate "2015.10.04"]

1. e4 c5 2. d3 d6 3. Nf3 Nf6 4. g3 Nc6 5. Bg2 e6 6. O-O Be7 7. Nbd2 O-O 8. Re1
Qc7 9. Nf1 b5 10. c3 Bb7 11. h4 a5 12. N1h2 a4 13. a3 Na5 14. Nd2 d5 15. Ng4 d4
16. cxd4 cxd4 17. Nxf6+ Bxf6 18. b4 Qc3 19. Rb1 Nb3 20. Nxb3 axb3 21. Rxb3 Qc6
22. Rb1 e5 23. Bb2 Qe6 24. Ra1 Be7 25. Bf3 Rab8 26. Bg4 Qg6 27. Bf5 Qd6 28. Rc1
g6 29. Bh3 f5 30. Bg2 f4 31. Rf1 Qe6 32. Kh2 Bc8 33. Kg1 Bd7 34. Re1 Rf7 35.
Rc7 Rbf8 36. Kh2 fxg3+ 37. fxg3 Rf2 38. Qe2 Qh3+ 0-1

[Event "25. Torneo San Viator 2015"]
[Site "Madrid ESP"]
[Date "2015.10.04"]
[Round "1.13"]
[White "Andalon Gomez, Carlos J"]
[Black "Linares Leyva, David"]
[Result "1-0"]
[WhiteElo "1963"]
[BlackElo "1773"]
[PlyCount "51"]
[EventDate "2015.10.04"]
[EventType "swiss"]
[EventRounds "9"]
[EventCountry "ESP"]
[Source "lmi"]
[SourceDate "2015.10.04"]

1. d4 Nf6 2. c4 c5 3. d5 b5 4. cxb5 a6 5. Nc3 axb5 6. e4 b4 7. Nb5 d6 8. Bf4 g5
9. e5 gxf4 10. exf6 exf6 11. Bd3 Be7 12. Qf3 Nd7 13. Qxf4 Ne5 14. Be2 Bb7 15.
Qe4 f5 16. Qxf5 Bxd5 17. Nf3 Be6 18. Qe4 O-O 19. Nxe5 dxe5 20. O-O Qb8 21. Bd3
f5 22. Qc6 Rf6 23. Nc7 Rxa2 24. Nxe6 Rxa1 25. Rxa1 Kf7 26. Bc4 1-0

[Event "25. Torneo San Viator 2015"]
[Site "Madrid ESP"]
[Date "2015.10.04"]
[Round "1.14"]
[White "Yeves Miquel, Enrique"]
[Black "Cid Garcia, Ramon"]
[Result "1-0"]
[WhiteElo "1758"]
[BlackElo "1958"]
[PlyCount "62"]
[EventDate "2015.10.04"]
[EventType "swiss"]
[EventRounds "9"]
[EventCountry "ESP"]
[Source "lmi"]
[SourceDate "2015.10.04"]

1. d4 Nf6 2. c4 e6 3. Nc3 Bb4 4. Qc2 O-O 5. a3 Bxc3+ 6. Qxc3 Ne4 7. Qc2 f5 8.
Nh3 d6 9. f3 Nf6 10. e3 c5 11. dxc5 dxc5 12. Bd3 Nc6 13. O-O Bd7 14. b3 g6 15.
Bb2 e5 16. Nf2 Qe7 17. Qc3 Rae8 18. Rae1 Nh5 19. Bb1 f4 20. Be4 fxe3 21. Qxe3
Nd4 22. b4 Nf4 23. g3 Qg5 24. bxc5 Bc6 25. Bxd4 exd4 26. Qxd4 Bxe4 27. Nxe4
Nh3+ 28. Kg2 Nf4+ 29. Kh1 Ne6 30. Qd5 Qxd5 31. cxd5 Nd4 1-0

[Event "25. Torneo San Viator 2015"]
[Site "Madrid ESP"]
[Date "2015.10.04"]
[Round "1.15"]
[White "Soto Martin, Pablo"]
[Black "Fernandez Rios, Jose Francisco"]
[Result "0-1"]
[WhiteElo "1956"]
[BlackElo "1756"]
[PlyCount "116"]
[EventDate "2015.10.04"]
[EventType "swiss"]
[EventRounds "9"]
[EventCountry "ESP"]
[Source "lmi"]
[SourceDate "2015.10.04"]

1. e4 c5 2. Nf3 g6 3. c3 d5 4. exd5 Qxd5 5. d4 Bg7 6. Na3 Nf6 7. Bc4 Qe4+ 8.
Be3 O-O 9. O-O cxd4 10. Nxd4 Qe5 11. Re1 Ng4 12. Nf3 Qc7 13. Bg5 e6 14. Qe2 a6
15. Rad1 Nc6 16. Bh4 Nge5 17. Bg3 Nxf3+ 18. Qxf3 Qb6 19. Bb3 Na5 20. Rd6 Qc5
21. Bc2 Nc6 22. Red1 Ne7 23. R6d2 Nd5 24. Be4 Bxc3 25. Rc2 Qb4 26. Bxd5 Bxb2
27. Nc4 exd5 28. Nxb2 Bg4 29. Qxd5 Bxd1 30. Qxd1 Rfe8 31. f3 Rad8 32. Qf1 h5
33. Nd3 Rxd3 34. Re2 Rxe2 35. Qxe2 Qd4+ 36. Kf1 Rd1+ 37. Be1 Qa1 38. Kf2 Rxe1
39. Qxe1 Qxe1+ 40. Kxe1 Kf8 41. Kd2 Ke7 42. Kc3 Kd6 43. Kb4 b6 44. Kc4 g5 45.
Kd4 f5 46. g3 b5 47. h3 g4 48. fxg4 fxg4 49. hxg4 hxg4 50. Ke4 a5 51. Kd4 b4
52. Kc4 Kc6 53. Kb3 Kb5 54. Kc2 Kc4 55. Kb2 a4 56. Kc2 b3+ 57. axb3+ axb3+ 58.
Kb1 Kd3 0-1

[Event "25. Torneo San Viator 2015"]
[Site "Madrid ESP"]
[Date "2015.10.04"]
[Round "1.16"]
[White "Barranco Martinez, Gabriel"]
[Black "Lozano Osorio, Isaac"]
[Result "1-0"]
[WhiteElo "1752"]
[BlackElo "1947"]
[PlyCount "103"]
[EventDate "2015.10.04"]
[EventType "swiss"]
[EventRounds "9"]
[EventCountry "ESP"]
[Source "lmi"]
[SourceDate "2015.10.04"]

1. d4 Nf6 2. Nf3 e6 3. c4 b6 4. g3 Ba6 5. Qc2 Bb7 6. Bg2 Nc6 7. O-O Nb4 8. Qd1
Be4 9. Nc3 Bb7 10. Bf4 Be7 11. a3 Na6 12. Re1 d5 13. Qa4+ Qd7 14. Qxd7+ Nxd7
15. cxd5 exd5 16. Rac1 O-O 17. e4 dxe4 18. Nxe4 c6 19. Bd6 Rae8 20. Bxe7 Rxe7
21. Nd6 Rxe1+ 22. Rxe1 Ba8 23. Re7 Rd8 24. Ng5 Nf8 25. Ngxf7 Rd7 26. Rxd7 Nxd7
27. Nd8 Nab8 28. Nc8 g6 29. Nxa7 Kf8 30. Bxc6 Nxc6 31. Ndxc6 Nf6 32. Ne5 Nd5
33. Nc8 Ke8 34. Nc4 Bc6 35. N8xb6 Nf6 36. f4 Ke7 37. Ne5 Be8 38. Kf2 h5 39. a4
Kd6 40. a5 Kc7 41. Ke3 Kb7 42. d5 Ka6 43. b4 h4 44. g4 h3 45. Kd4 Kb7 46. d6
Bb5 47. Kc5 Be2 48. d7 Kc7 49. Nd5+ Nxd5 50. Kxd5 Bd1 51. Ke6 g5 52. Ke7 1-0

[Event "25. Torneo San Viator 2015"]
[Site "Madrid ESP"]
[Date "2015.10.04"]
[Round "1.17"]
[White "Sotoca Aguado, Jose"]
[Black "Sirera Ripoll, Jose Luis"]
[Result "1-0"]
[WhiteElo "1946"]
[BlackElo "1749"]
[PlyCount "95"]
[EventDate "2015.10.04"]
[EventType "swiss"]
[EventRounds "9"]
[EventCountry "ESP"]
[Source "lmi"]
[SourceDate "2015.10.04"]

1. e4 c5 2. Nf3 d6 3. d4 cxd4 4. Nxd4 Nf6 5. Nc3 g6 6. Be3 Bg7 7. f3 O-O 8. Qd2
Nc6 9. Bc4 Bd7 10. O-O-O Rc8 11. Bb3 Ne5 12. h4 h5 13. Kb1 Nc4 14. Bxc4 Rxc4
15. Nde2 a5 16. Bh6 b5 17. Bxg7 Kxg7 18. Rhg1 Qc7 19. Nd4 b4 20. Nd5 Nxd5 21.
exd5 Rc8 22. Rge1 Re8 23. Re3 Qc5 24. Nb3 Qc7 25. Re4 Rxe4 26. fxe4 Rc8 27. Nd4
Qc4 28. Qd3 Qxd3 29. Rxd3 Rc4 30. b3 Rc5 31. Kc1 f6 32. Kd2 g5 33. g3 Kg6 34.
Rf3 Bg4 35. Re3 Bd7 36. c3 bxc3+ 37. Rxc3 Rxc3 38. Kxc3 Kf7 39. Nc6 f5 40. exf5
gxh4 41. gxh4 Kf6 42. Kd4 Bxf5 43. Nxa5 Bb1 44. b4 e5+ 45. dxe6 Kxe6 46. a3 Kf5
47. Nc4 Kg4 48. Nxd6 1-0

[Event "25. Torneo San Viator 2015"]
[Site "Madrid ESP"]
[Date "2015.10.04"]
[Round "1.18"]
[White "Lopez Benitez, David"]
[Black "Vazquez Gonzalez, Francisco"]
[Result "0-1"]
[WhiteElo "1731"]
[BlackElo "1929"]
[PlyCount "56"]
[EventDate "2015.10.04"]
[EventType "swiss"]
[EventRounds "9"]
[EventCountry "ESP"]
[Source "lmi"]
[SourceDate "2015.10.04"]

1. Nf3 d5 2. g3 c5 3. Bg2 Nc6 4. O-O e5 5. d3 Nf6 6. c4 d4 7. Nbd2 Bd6 8. Ng5
Bf5 9. Nge4 Nxe4 10. Nxe4 O-O 11. Qa4 Qc7 12. f4 Bg4 13. Bf3 Bxf3 14. Rxf3 f5
15. Nxd6 Qxd6 16. Bd2 e4 17. Rff1 e3 18. Be1 Rf6 19. h4 Rh6 20. Kg2 Qg6 21. Rh1
Qg4 22. Qc2 Rf8 23. a3 Ne7 24. Rh3 Ng6 25. Kh2 Rf6 26. b4 Nxh4 27. gxh4 Rfg6
28. Bg3 Rxh4 0-1

[Event "25. Torneo San Viator 2015"]
[Site "Madrid ESP"]
[Date "2015.10.04"]
[Round "1.19"]
[White "Lopez Ziegler, Carlos"]
[Black "Gil Calvente, Jose Antonio"]
[Result "1-0"]
[WhiteElo "1925"]
[BlackElo "1723"]
[PlyCount "77"]
[EventDate "2015.10.04"]
[EventType "swiss"]
[EventRounds "9"]
[EventCountry "ESP"]
[Source "lmi"]
[SourceDate "2015.10.04"]

1. e4 e6 2. d4 d5 3. Nd2 Nf6 4. e5 Nfd7 5. Bd3 c5 6. c3 Nc6 7. Ngf3 Be7 8. O-O
Qb6 9. a3 cxd4 10. cxd4 Nxd4 11. Nxd4 Qxd4 12. Nf3 Qb6 13. Be3 Bc5 14. Bc1 a5
15. Qa4 Qc7 16. Re1 b6 17. Qg4 g6 18. Bh6 Bf8 19. Bg5 Bg7 20. Rac1 Qb8 21. Bb5
O-O 22. Be7 Nxe5 23. Nxe5 Bxe5 24. Bxf8 Kxf8 25. Qg5 Bxb2 26. Qd8+ Kg7 27. Rc2
Bf6 28. Qe8 Bb7 29. Qd7 Ba6 30. Bxa6 Rxa6 31. Rc7 Qf8 32. Rxe6 Ra8 33. Qxd5 Rd8
34. Qf3 Bb2 35. Ree7 Qg8 36. Rxf7+ Kh6 37. Qh3+ Kg5 38. Qg3+ Kh6 39. Qh4# 1-0

[Event "25. Torneo San Viator 2015"]
[Site "Madrid ESP"]
[Date "2015.10.04"]
[Round "1.20"]
[White "Blanco Diez, David"]
[Black "Luna Hermoso, Angel"]
[Result "1-0"]
[WhiteElo "1719"]
[BlackElo "1919"]
[PlyCount "55"]
[EventDate "2015.10.04"]
[EventType "swiss"]
[EventRounds "9"]
[EventCountry "ESP"]
[Source "lmi"]
[SourceDate "2015.10.04"]

1. d4 d5 2. c4 c6 3. Nf3 Nf6 4. Nc3 g6 5. cxd5 cxd5 6. e3 Nc6 7. Bd3 Bg7 8. O-O
O-O 9. a3 e5 10. Nxe5 Nxe5 11. dxe5 Ng4 12. Be2 Nxe5 13. Qxd5 Be6 14. Qe4 Qc8
15. Nd5 Qc5 16. Nf4 Bb3 17. Bd2 Nc4 18. Bb4 Qe5 19. Qxe5 Bxe5 20. Bxf8 Kxf8 21.
Bxc4 Bxc4 22. Rfd1 b5 23. Nd3 Bf6 24. a4 bxa4 25. Nc5 Bxb2 26. Rxa4 Be6 27.
Nxe6+ fxe6 28. Rd7 1-0

[Event "25. Torneo San Viator 2015"]
[Site "Madrid ESP"]
[Date "2015.10.04"]
[Round "1.21"]
[White "Soderstrom, Henrik"]
[Black "Fernandez Garcia, Emilio"]
[Result "1-0"]
[WhiteElo "1907"]
[BlackElo "1686"]
[PlyCount "81"]
[EventDate "2015.10.04"]
[EventType "swiss"]
[EventRounds "9"]
[EventCountry "ESP"]
[Source "lmi"]
[SourceDate "2015.10.04"]

1. e4 c5 2. Nf3 d6 3. c3 Nf6 4. Be2 Nxe4 5. Qa4+ Bd7 6. Qxe4 Bc6 7. Qc2 g6 8.
O-O Bg7 9. d4 O-O 10. Bg5 Nd7 11. Qd2 Nf6 12. Bh6 b6 13. Bxg7 Kxg7 14. c4 Qc7
15. Nc3 Rad8 16. Rac1 Qb7 17. d5 Bd7 18. Rfe1 Bc8 19. Bd3 h6 20. Ne2 e5 21.
dxe6 Bxe6 22. Nf4 Bg4 23. Re3 d5 24. Nxd5 Nxd5 25. Be4 Be6 26. Rd3 f5 27. Bxd5
Bxd5 28. cxd5 Rd6 29. Rd1 Rfd8 30. Ne5 Kh7 31. Nc4 R6d7 32. Ne5 Rd6 33. Nc6
R8d7 34. Qe3 a6 35. h3 c4 36. Rd4 b5 37. Qe8 Kg7 38. Re1 Rf7 39. Qe5+ Rff6 40.
Qe8 Rf7 41. Nd8 1-0

[Event "25. Torneo San Viator 2015"]
[Site "Madrid ESP"]
[Date "2015.10.04"]
[Round "1.22"]
[White "Alonso Penalver, Angel"]
[Black "Garcia Galeote, Lorenzo"]
[Result "0-1"]
[WhiteElo "1676"]
[BlackElo "1906"]
[PlyCount "94"]
[EventDate "2015.10.04"]
[EventType "swiss"]
[EventRounds "9"]
[EventCountry "ESP"]
[Source "lmi"]
[SourceDate "2015.10.04"]

1. c4 e6 2. g3 d5 3. cxd5 exd5 4. Bg2 Nf6 5. Nf3 Be7 6. O-O O-O 7. Qc2 c6 8.
Nc3 Re8 9. a3 d4 10. Na4 a5 11. d3 Na6 12. b3 Be6 13. Ne5 Bd5 14. Nf3 b5 15.
Nb2 Nc5 16. Nd2 Bxg2 17. Kxg2 Qd5+ 18. Kg1 h5 19. Rb1 h4 20. b4 axb4 21. axb4
Na6 22. Qb3 hxg3 23. hxg3 Nxb4 24. Qxd5 Nbxd5 25. Nd1 Bb4 26. Nf3 Bc3 27. e3
dxe3 28. fxe3 Be5 29. Nxe5 Rxe5 30. e4 Nb6 31. Bb2 Rg5 32. Rf3 Na4 33. Bc1 Rg6
34. Bf4 Nh5 35. Kf2 Nc5 36. Rb2 Ra3 37. Ke2 Ne6 38. Ke3 c5 39. Rxb5 Nd4 40.
Rb8+ Kh7 41. Rf2 Nf6 42. Rh2+ Rh6 43. Rxh6+ gxh6 44. Nf2 Ra2 45. Bd6 Re2+ 46.
Kf4 Rxf2+ 47. Ke3 Ng4# 0-1

[Event "25. Torneo San Viator 2015"]
[Site "Madrid ESP"]
[Date "2015.10.04"]
[Round "1.23"]
[White "Padin Lazaro, Jose Manuel"]
[Black "Quijano Cabrera, Adelardo"]
[Result "1-0"]
[WhiteElo "1906"]
[BlackElo "1651"]
[PlyCount "63"]
[EventDate "2015.10.04"]
[EventType "swiss"]
[EventRounds "9"]
[EventCountry "ESP"]
[Source "lmi"]
[SourceDate "2015.10.04"]

1. e4 c5 2. Nf3 d6 3. d4 cxd4 4. Nxd4 Nf6 5. Nc3 g6 6. Be3 Bg7 7. f3 O-O 8. Qd2
Nc6 9. O-O-O Bd7 10. g4 Qa5 11. Kb1 Rfc8 12. h4 Ne5 13. h5 Nc4 14. Bxc4 Rxc4
15. hxg6 hxg6 16. Nb3 Qd8 17. Bh6 Bh8 18. Qh2 Bxg4 19. fxg4 Nxg4 20. Qe2 Rxc3
21. bxc3 Nxh6 22. Rxh6 Bxc3 23. Rxg6+ fxg6 24. Qc4+ Kg7 25. Qxc3+ Kg8 26. Rh1
Kf7 27. Rh7+ Ke6 28. Qh3+ Kf6 29. Qc3+ Ke6 30. Qc4+ Ke5 31. Qd5+ Kf4 32. Rh4+
1-0

[Event "25. Torneo San Viator 2015"]
[Site "Madrid ESP"]
[Date "2015.10.04"]
[Round "1.24"]
[White "Rodriguez Romero, Martin"]
[Black "Garcia Martin, Esteban"]
[Result "0-1"]
[WhiteElo "1651"]
[BlackElo "1903"]
[PlyCount "80"]
[EventDate "2015.10.04"]
[EventType "swiss"]
[EventRounds "9"]
[EventCountry "ESP"]
[Source "lmi"]
[SourceDate "2015.10.04"]

1. e4 c5 2. Nc3 Nc6 3. g3 g6 4. Bg2 Bg7 5. d3 d6 6. Be3 Nf6 7. h3 O-O 8. Qd2
Nd4 9. Nd1 e5 10. c3 Ne6 11. Ne2 d5 12. exd5 Nxd5 13. Bh6 f5 14. Bxg7 Kxg7 15.
Ne3 Nxe3 16. Qxe3 Qc7 17. f4 exf4 18. gxf4 Bd7 19. O-O-O Bc6 20. Bxc6 Qxc6 21.
d4 Qe4 22. Qxe4 fxe4 23. dxc5 Nxc5 24. Rd4 Rad8 25. Rf1 Rxd4 26. Nxd4 Rxf4 27.
Rxf4 Nd3+ 28. Kd2 Nxf4 29. Ke3 Nxh3 30. Kxe4 Kf6 31. b4 Nf2+ 32. Kf3 Nd3 33. a4
h5 34. Nb5 a6 35. Nd6 b6 36. Nc4 Ne5+ 37. Nxe5 Kxe5 38. c4 Kd4 39. a5 bxa5 40.
c5 Kd5 0-1

[Event "25. Torneo San Viator 2015"]
[Site "Madrid ESP"]
[Date "2015.10.04"]
[Round "1.25"]
[White "Camarero Izquierdo, Juan Carlo"]
[Black "Alonso Lazaro, Adrian"]
[Result "1-0"]
[WhiteElo "1890"]
[BlackElo "1624"]
[PlyCount "37"]
[EventDate "2015.10.04"]
[EventType "swiss"]
[EventRounds "9"]
[EventCountry "ESP"]
[Source "lmi"]
[SourceDate "2015.10.04"]

1. d4 d5 2. Nc3 Nf6 3. Bg5 e6 4. e4 dxe4 5. Nxe4 Be7 6. Bxf6 Bxf6 7. Nf3 O-O 8.
Qd3 Nc6 9. O-O-O Nb4 10. Qd2 a5 11. Kb1 c6 12. h4 Be7 13. Nfg5 b5 14. a3 Nd5
15. c4 bxc4 16. Bxc4 Qb6 17. Qd3 Rb8 18. Rd2 Nf4 19. Nf6+ 1-0

[Event "25. Torneo San Viator 2015"]
[Site "Madrid ESP"]
[Date "2015.10.04"]
[Round "1.26"]
[White "De La Torre Palomino, Luis"]
[Black "Cano Mercado, Francisco Manuel"]
[Result "1-0"]
[WhiteElo "1603"]
[BlackElo "1885"]
[PlyCount "95"]
[EventDate "2015.10.04"]
[EventType "swiss"]
[EventRounds "9"]
[EventCountry "ESP"]
[Source "lmi"]
[SourceDate "2015.10.04"]

1. e4 e6 2. Nf3 d5 3. exd5 exd5 4. d4 Nf6 5. Bd3 Bg4 6. O-O Be7 7. Bg5 O-O 8.
c3 Nbd7 9. Nbd2 c5 10. Qc2 c4 11. Bf5 Bh5 12. Ne5 Bg6 13. Rfe1 Re8 14. Re2 Nf8
15. Rae1 Ne6 16. Nxg6 hxg6 17. Bxe6 fxe6 18. Qxg6 Rf8 19. Rxe6 Rf7 20. h4 Qd7
21. h5 Raf8 22. h6 Bd8 23. f3 Nh7 24. Rd6 Qxd6 25. Qxd6 Bxg5 26. hxg7 Kxg7 27.
Qe5+ Kg8 28. Re2 Rd8 29. Qe6 Nf8 30. Qg4 Rg7 31. Qh5 Rd6 32. Nf1 Rh6 33. Qe8
Rgh7 34. g3 Rg7 35. Nh2 Rgh7 36. Ng4 Rd6 37. Qe5 Rg6 38. Qxd5+ Kh8 39. Ne5 Rgg7
40. Rh2 Be3+ 41. Kg2 Rxh2+ 42. Kxh2 Bc1 43. Nf7+ Kg8 44. Ne5+ Kh8 45. Qd8 Kg8
46. Nxc4 b5 47. Qd5+ Kh8 48. Qxb5 1-0